Visualizzazione normale
Vista MARC
- Tosello M.
di Personal Name
Records bibliografici associati: 1
001 - CONTROL NUMBER
- control field: 6156
003 - CONTROL NUMBER IDENTIFIER
- control field: IT-RoPau
005 - DATE AND TIME OF LATEST TRANSACTION
- control field: 20131219085820.0
008 - FIXED-LENGTH DATA ELEMENTS
- fixed length control field: 131219|| aca||aabn | a|a d
040 ## - CATALOGING SOURCE
- Original cataloging agency: IT-RoPau
- Transcribing agency: IT-RoPau
100 ## - HEADING--PERSONAL NAME
- Personal name: Tosello M.
- Dates associated with a name: Codice autore musica SPICS: 18063
- Relator term: Autore musica
- Name of part/section of a work: Nate d'Boves
670 ## - SOURCE DATA FOUND
- Source citation: Work cat.: (IT-RoPau)104051: AA.VV. 794, Acqua passà (Lp Vfl 10812)